[Event "Women's Speed Chess Q5"]
[Site "chess.com INT"]
[Date "2020.06.22"]
[Round "5"]
[White "Sliwicka, Alicja"]
[Black "Xu, Yuanyuan"]
[Result "1-0"]
[WhiteTitle "WIM"]
[BlackTitle "WGM"]
[WhiteElo "2317"]
[BlackElo "2317"]
[WhiteFideId "1150677"]
[BlackFideId "8601089"]
[EventDate "2020.06.22"]

1. e4 c6 2. d4 d5 3. e5 c5 4. dxc5 e6 5. Be3 Nd7 6. Bb5 a6 7. Bxd7+ Bxd7 8. Nf3
Ne7 9. c3 Nf5 10. Bd4 Qc7 11. b4 a5 12. O-O Be7 13. Re1 O-O 14. Nbd2 Nxd4 15.
Nxd4 b6 16. c6 Bxc6 17. a3 axb4 18. cxb4 Ba4 19. Qg4 Qc3 20. N2f3 Rfc8 21. h4
Rc4 22. h5 h6 23. Ne2 Qxe1+ 24. Nxe1 Rxg4 25. Rc1 Rc4 26. Ra1 Rac8 27. f3 d4 28.
Kf2 d3 29. Nxd3 Bc2 30. Ne1 Bf5 31. g4 Bc2 32. f4 Kf8 33. Ke3 b5 34. Nd4 Ba4 35.
Ne2 Ke8 36. Ra2 Kd7 37. Rd2+ Kc6 38. Nd3 Kb6 39. Nb2 Rc2 40. Rd7 Rxb2 41. Rxe7
Rcc2 42. Nd4 Rd2 43. Rxf7 Bd1 44. f5 exf5 45. e6 f4+ 46. Ke4 f3 47. e7 Re2+ 48.
Nxe2 Rxe2+ 49. Kd5 f2 50. Kd6 Re1 51. Kd7 1-0

[Event "Women's Speed Chess Q5"]
[Site "chess.com INT"]
[Date "2020.06.22"]
[Round "5"]
[White "Goryachkina, Aleksandra"]
[Black "Enkhtuul, Altan-Ulzii"]
[Result "1-0"]
[WhiteTitle "GM"]
[BlackTitle "WGM"]
[WhiteElo "2582"]
[BlackElo "2228"]
[WhiteFideId "4147103"]
[BlackFideId "4901444"]
[EventDate "2020.06.22"]

1. d4 Nf6 2. Nf3 g6 3. g3 Bg7 4. Bg2 O-O 5. O-O d5 6. c3 c6 7. Nbd2 Ne4 8. Nxe4
dxe4 9. Ng5 f5 10. Qb3+ Qd5 11. f3 h6 12. Nh3 Qxb3 13. axb3 exf3 14. exf3 g5 15.
Re1 Bf6 16. f4 g4 17. Nf2 Kf7 18. Nd3 Na6 19. d5 cxd5 20. Rxa6 e6 21. Ra1 Bd7
22. Be3 b6 23. Bd4 Rfc8 24. Bxf6 Kxf6 25. Ne5 Be8 26. b4 a5 27. bxa5 bxa5 28.
Bf1 Rab8 29. Ra2 a4 30. Bd3 Rc7 31. Re2 h5 32. Kf2 Rh7 33. h4 gxh3 34. Nf3 Rhb7
35. Kg1 Ra7 36. Kh2 Rab7 37. Kxh3 Rb3 38. Nd4 R3b6 39. Kg2 Bf7 40. Kf2 Be8 41.
Ke3 Bf7 42. Rxa4 Rxb2 43. Rxb2 Rxb2 44. Ra6 Ke7 45. Nc6+ Kf6 46. Ra7 Bg8 47. Ne5
Rg2 48. Kf3 Rg1 49. Ra8 Bh7 50. Rf8+ Kg7 51. Rf7+ Kg8 52. Re7 Rd1 53. Rxe6 Rxd3+
54. Nxd3 1-0

[Event "Women's Speed Chess Q5"]
[Site "chess.com INT"]
[Date "2020.06.22"]
[Round "5"]
[White "Morris-Suzuki, Sophie"]
[Black "Tarasova, Viktoriya"]
[Result "1-0"]
[WhiteTitle "WFM"]
[BlackTitle "WIM"]
[WhiteElo "2043"]
[BlackElo "2226"]
[WhiteFideId "30922615"]
[BlackFideId "4175840"]
[EventDate "2020.06.22"]

1. e4 e5 2. Nf3 Nc6 3. Bb5 Nf6 4. d4 exd4 5. O-O Be7 6. Re1 O-O 7. c3 d5 8. Bxc6
bxc6 9. e5 Ne4 10. Nxd4 Bd7 11. f3 Nc5 12. f4 Ne4 13. Be3 c5 14. Nf3 Bc6 15.
Nbd2 Rb8 16. Rb1 f6 17. Nxe4 dxe4 18. Nd2 fxe5 19. fxe5 Qd3 20. Qg4 Qd7 21. e6
Qd5 22. Bh6 Bf6 23. Nxe4 Qe5 24. Nxf6+ Qxf6 25. e7 Rf7 26. Bg5 Qf2+ 27. Kh1 h6
28. Bh4 Qc2 29. Rbd1 Kh7 30. Rf1 Rxf1+ 31. Rxf1 Rxb2 32. Rg1 Rb1 33. h3 Rxg1+
34. Kxg1 Qc1+ 35. Kh2 Qxc3 36. Qf5+ Kg8 37. Qe6+ Kh7 38. Qxc6 Qe5+ 39. Bg3 Qe2
40. e8=Q Qxe8 41. Qxe8 h5 42. Qc6 g6 43. Bh4 Kh6 44. Qxc7 c4 45. Qxc4 g5 46. Bg3
h4 47. Qe6+ Kg7 48. Be5+ Kf8 49. Qf6+ Ke8 50. Qxg5 Kd7 51. Qxh4 Kc6 52. Qf4 Kd5
53. h4 Kc6 54. h5 a5 55. h6 a4 56. h7 a3 57. h8=Q Kb5 58. Qb8+ Kc5 59. Qd4+ Kc6
60. Qbb6# 1-0

[Event "Women's Speed Chess Q5"]
[Site "chess.com INT"]
[Date "2020.06.22"]
[Round "5"]
[White "Kiseleva, Arina"]
[Black "Dwilewicz, Katarzyna"]
[Result "0-1"]
[WhiteTitle "WCM"]
[BlackTitle "WFM"]
[WhiteElo "2024"]
[BlackElo "2120"]
[WhiteFideId "4164989"]
[BlackFideId "1148486"]
[EventDate "2020.06.22"]

1. d4 Nf6 2. Nf3 e6 3. e3 d5 4. Bd3 Bd6 5. O-O O-O 6. Nbd2 c5 7. b3 b6 8. Bb2
Bb7 9. dxc5 bxc5 10. c4 Nc6 11. Rc1 Rc8 12. Qe2 Nb4 13. Bb1 Bb8 14. a3 Na6 15.
Ne5 Nd7 16. Qh5 f5 17. Nxd7 Qxd7 18. Rfd1 Qf7 19. Qxf7+ Kxf7 20. Nf3 h6 21. Ne5+
Bxe5 22. Bxe5 Rfd8 23. cxd5 Bxd5 24. Bc2 Nc7 25. f3 Nb5 26. a4 Na3 27. Rd3 Nxc2
28. Rxc2 g5 29. Rdc3 Rd7 30. b4 c4 31. b5 Rb7 32. Kf2 Rd8 33. g3 Rbd7 34. Ke2 h5
35. h3 g4 36. Bd4 Kg6 37. fxg4 hxg4 38. hxg4 fxg4 39. a5 Bf3+ 40. Kf2 Be4 41.
Rc1 Rf7+ 42. Ke2 Bd3+ 43. Kd2 Rf2+ 44. Ke1 Re2+ 45. Kd1 Rf8 46. Rxc4 Rf1# 0-1

[Event "Women's Speed Chess Q5"]
[Site "chess.com INT"]
[Date "2020.06.22"]
[Round "5"]
[White "Smietanska, Wiktoria"]
[Black "Zavivaeva, Emilia"]
[Result "0-1"]
[WhiteTitle "CM"]
[BlackTitle "WCM"]
[WhiteElo "1593"]
[BlackElo "1735"]
[WhiteFideId "21869359"]
[BlackFideId "34127531"]
[EventDate "2020.06.22"]

1. c4 Nf6 2. Nc3 e6 3. e4 d5 4. e5 d4 5. exf6 dxc3 6. bxc3 Qxf6 7. Nf3 Bd6 8. d4
O-O 9. Bg5 Qg6 10. Bd3 Qh5 11. h3 f6 12. Be3 Qf7 13. Qc2 f5 14. c5 Be7 15. Ne5
Qe8 16. g4 Nc6 17. gxf5 exf5 18. Nxc6 Qxc6 19. Rg1 g6 20. Bc4+ Be6 21. Qb3 Bxc4
22. Qxc4+ Rf7 23. d5 Qf6 24. O-O-O b6 25. c6 b5 26. Qb3 a5 27. Bf4 a4 28. Qb2 b4
29. cxb4 Qxb2+ 30. Kxb2 Bxb4 31. a3 Bc5 32. Rd2 Rb8+ 33. Kc3 Rb3+ 34. Kc4 Bxa3
35. d6 Rb4+ 36. Kc3 Rb3+ 37. Kc4 cxd6 38. Bxd6 Bxd6 39. Rxd6 Rc7 40. Rd8+ Kf7
41. Rd7+ Rxd7 42. cxd7 Ke7 43. Rd1 Kd8 44. Ra1 Rb7 45. Kd5 Kxd7 0-1

[Event "Women's Speed Chess Q5"]
[Site "chess.com INT"]
[Date "2020.06.22"]
[Round "5"]
[White "Rakhmangulova, Anastasiya"]
[Black "Hng, Mei-En Emmanuelle"]
[Result "0-1"]
[WhiteTitle "WIM"]
[BlackTitle "WFM"]
[WhiteElo "2191"]
[BlackElo "2029"]
[WhiteFideId "14117479"]
[BlackFideId "5804566"]
[EventDate "2020.06.22"]

1. e4 g6 2. d4 c5 3. dxc5 Bg7 4. Nc3 Na6 5. Be3 Qa5 6. Bd4 Nf6 7. a3 Qc7 8. b4
O-O 9. e5 Ne8 10. Nd5 Qd8 11. Nf3 Nac7 12. Bc4 Nxd5 13. Bxd5 Nc7 14. Bb3 a5 15.
O-O axb4 16. axb4 Rxa1 17. Qxa1 Nb5 18. Bb2 b6 19. c4 Nc7 20. cxb6 Ne6 21. c5
Bb7 22. Nd4 Nf4 23. f3 e6 24. Rd1 Qg5 25. g3 Ra8 26. Qc1 Bxe5 27. c6 Bxc6 28.
Nxc6 Ne2+ 29. Kf2 Nxc1 30. Bxc1 Qf6 31. Rxd7 Bb2 32. b7 Rf8 33. Bf4 Qc3 34. b8=Q
Rxb8 35. Nxb8 Qxb3 36. Bh6 Qc2+ 37. Kg1 Qc8 38. b5 Qxb8 39. b6 Qxb6+ 40. Kg2 Bg7
41. Bg5 h6 42. Rd8+ Kh7 43. Be7 Qb2+ 44. Kh3 Bf6 45. Rd7 Bxe7 46. Rxe7 Kg7 47.
Rc7 Qf6 48. Kg2 Qb2+ 49. Kh3 Qf2 50. f4 Qf3 51. Rd7 h5 52. Rd6 Qg4+ 53. Kg2 h4
54. h3 Qxg3+ 0-1

[Event "Women's Speed Chess Q5"]
[Site "chess.com INT"]
[Date "2020.06.22"]
[Round "5"]
[White "Hoang, Thi Bao Tram"]
[Black "Sargsyan, Anna M."]
[Result "0-1"]
[WhiteTitle "WGM"]
[BlackTitle "WGM"]
[WhiteElo "2288"]
[BlackElo "2405"]
[WhiteFideId "12401102"]
[BlackFideId "13308130"]
[EventDate "2020.06.22"]

1. d4 d5 2. Nf3 Nf6 3. c3 Bf5 4. Qb3 Qc8 5. Bg5 Ne4 6. Qxd5 e6 7. Qb3 Nxg5 8.
Nxg5 h6 9. Nf3 Bd6 10. Nbd2 O-O 11. g3 c5 12. Bg2 Nc6 13. O-O cxd4 14. Nxd4 Bg4
15. Nxc6 bxc6 16. Qc4 e5 17. Rfe1 Rb8 18. b4 Rb6 19. a4 Be6 20. Qh4 c5 21. b5 c4
22. Red1 Qc7 23. Bc6 Be7 24. Qh5 a5 25. Nf1 Bc5 26. Rd2 Rxc6 27. bxc6 Qxc6 28.
e3 Bd6 29. Rad1 Be7 30. Qxe5 Qxa4 31. e4 Bf6 32. Qc7 Bxc3 33. Rd8 Bb4 34. Ne3
Rxd8 35. Rxd8+ Kh7 36. Nxc4 Qa1+ 37. Kg2 Qb1 38. Nd2 Qd1 39. Qf4 Qe1 40. Qe3 Qc1
41. Nf3 Qc6 42. Qd4 Qc7 43. Ra8 Qb7 44. Qd8 Qxe4 0-1

[Event "Women's Speed Chess Q5"]
[Site "chess.com INT"]
[Date "2020.06.22"]
[Round "5"]
[White "Solozhenkina, Elizaveta"]
[Black "Vaishali, R"]
[Result "0-1"]
[WhiteTitle "WIM"]
[BlackTitle "WGM"]
[WhiteElo "2301"]
[BlackElo "2393"]
[WhiteFideId "34106615"]
[BlackFideId "5091756"]
[EventDate "2020.06.22"]

1. e4 e5 2. Nf3 Nc6 3. Nc3 Nf6 4. Bb5 Bd6 5. a3 a6 6. Ba4 O-O 7. O-O Re8 8. d3
h6 9. h3 Bf8 10. Re1 b5 11. Bb3 d6 12. a4 b4 13. Nd5 Be6 14. Bd2 Rb8 15. Nxf6+
Qxf6 16. Bxe6 fxe6 17. Qe2 Ne7 18. Nh2 Ng6 19. g3 Kh7 20. Kg2 Be7 21. Rf1 Rf8
22. Ng4 Qf7 23. f4 exf4 24. gxf4 Nh4+ 25. Kh1 c5 26. Rf2 Rg8 27. Raf1 Rbf8 28.
b3 Qe8 29. Bc1 d5 30. exd5 exd5 31. f5 Bf6 32. Nxf6+ Rxf6 33. Qg4 g5 34. fxg6+
Rfxg6 35. Qxh4 Qe5 36. Qf4 Qh5 37. Qf3 Qh4 38. Bb2 d4 39. Bc1 R8g7 40. Bf4 Rf6
41. Qe4+ Rfg6 42. Bh2 Qxh3 43. Rg1 Qh5 44. Rxg6 Rxg6 45. Rf7+ Kh8 46. Qe8+ Rg8
47. Qe7 Qd1+ 0-1

[Event "Women's Speed Chess Q5"]
[Site "chess.com INT"]
[Date "2020.06.22"]
[Round "5"]
[White "Gaponenko, Inna"]
[Black "Nithyalakshmi, Sivanesan"]
[Result "0-1"]
[WhiteTitle "IM"]
[BlackTitle "WCM"]
[WhiteElo "2396"]
[BlackElo "1945"]
[WhiteFideId "14101181"]
[BlackFideId "5706955"]
[EventDate "2020.06.22"]

1. e4 e5 2. Nf3 Nc6 3. Bb5 a6 4. Bxc6 dxc6 5. O-O Qf6 6. d4 exd4 7. Bg5 Qg6 8.
Qxd4 Be7 9. Bf4 Bh3 10. Bg3 Bg4 11. Nbd2 h5 12. Ne5 Qf6 13. h3 Be6 14. Nb3 Bd6
15. Nc5 Bc8 16. f4 Ne7 17. Nb3 Be6 18. Rad1 h4 19. Bh2 O-O 20. Qc3 Bxb3 21. axb3
Ng6 22. Nxg6 Qxc3 23. bxc3 fxg6 24. e5 Bc5+ 25. Kh1 Rad8 26. b4 Bb6 27. c4 Bd4
28. Bg1 Bxg1 29. Rxd8 Rxd8 30. Kxg1 Rd4 31. Re1 Kf8 32. c3 Rxc4 33. Re3 Rxf4 34.
g3 hxg3 35. Kg2 Ke7 36. Kxg3 g5 37. e6 Rf6 38. Kg4 Rxe6 39. Rf3 Re5 40. Kh5 b6
41. Kg6 a5 42. bxa5 bxa5 43. c4 Re4 44. c5 Rc4 45. Kxg5 Rxc5+ 46. Kg6 a4 47.
Kxg7 Ra5 48. Ra3 Rh5 49. Kg6 Rh4 50. Kg5 Rb4 51. h4 Kf7 52. h5 Kg7 53. Rc3 Rb6
54. Ra3 Ra6 55. Rd3 Ra5+ 0-1

[Event "Women's Speed Chess Q5"]
[Site "chess.com INT"]
[Date "2020.06.22"]
[Round "5"]
[White "Doluhanova, Evgeniya"]
[Black "Babiy, Olga"]
[Result "1/2-1/2"]
[WhiteTitle "WGM"]
[BlackTitle "WGM"]
[WhiteElo "2229"]
[BlackElo "2228"]
[WhiteFideId "14112035"]
[BlackFideId "14117258"]
[EventDate "2020.06.22"]

1. Nf3 Nf6 2. c4 b6 3. Nc3 Bb7 4. g3 c5 5. Bg2 e6 6. O-O Be7 7. d3 O-O 8. Rb1 d6
9. a3 Nbd7 10. b4 a6 11. h3 Qc7 12. Be3 Rac8 13. bxc5 bxc5 14. Qa4 Bc6 15. Qc2
e5 16. Nd2 Bxg2 17. Kxg2 Qc6+ 18. f3 Rfe8 19. Qa4 Qxa4 20. Nxa4 Rb8 21. Nb3 Bd8
22. Bd2 Nb6 23. Nxb6 Rxb6 24. Na5 Nd7 25. Nb7 Bc7 26. Rxb6 Nxb6 27. Rb1 Rb8 28.
Na5 Nd7 29. Rxb8+ Nxb8 30. Kf2 Kf8 31. e4 Ke7 32. Ke3 Ke6 33. Nb3 Nc6 34. Bc3 g6
35. f4 f5 36. fxe5 Nxe5 37. Bxe5 Kxe5 38. exf5 Kxf5 39. d4 cxd4+ 40. Kxd4 d5 41.
Kxd5 Bxg3 42. c5 g5 43. c6 h5 44. Nd4+ Kf6 45. Ne6 g4 46. hxg4 hxg4 47. Nd4 Bb8
48. Ne2 Kf5 49. Kc5 g3 50. Nxg3+ Bxg3 51. Kb6 Ke4 52. Kxa6 Kd5 53. a4 Kxc6 54.
a5 Kc7 55. Ka7 Bf2+ 56. Ka8 Kc8 57. a6 Be3 58. a7 Bxa7 1/2-1/2

[Event "Women's Speed Chess Q5"]
[Site "chess.com INT"]
[Date "2020.06.22"]
[Round "5"]
[White "Mrudul, Dehankar"]
[Black "Sihite, Chelsie Monica Ignesias"]
[Result "1-0"]
[WhiteTitle "WIM"]
[BlackTitle "WIM"]
[WhiteElo "2256"]
[BlackElo "2252"]
[WhiteFideId "25096990"]
[BlackFideId "7101198"]
[EventDate "2020.06.22"]

1. e4 e5 2. Nf3 Nc6 3. Bb5 f5 4. d3 fxe4 5. dxe4 Nf6 6. O-O Bc5 7. Bc4 Qe7 8.
Nc3 d6 9. Bg5 Be6 10. Nd5 Bxd5 11. exd5 Nd8 12. Nd2 Nf7 13. Bxf6 gxf6 14. Qg4
Qd7 15. Ne4 Qxg4 16. Nxf6+ Ke7 17. Nxg4 Rag8 18. Ne3 Ng5 19. Kh1 h5 20. Rae1 h4
21. f4 Nf7 22. Nf5+ Kd8 23. Bd3 Rg4 24. fxe5 Nxe5 25. Re4 Rf8 26. Rxg4 Nxg4 27.
h3 Nf2+ 28. Kh2 Kd7 29. Nxh4 Rf4 30. Nf3 Nxd3 31. cxd3 Rb4 32. b3 Be3 33. Re1
Bh6 34. g4 Bf4+ 35. Kg2 Rb5 36. Re4 Bh6 37. Re6 Bg7 38. Rg6 Bb2 39. Rg5 Ra5 40.
a4 b5 41. axb5 Rxb5 42. h4 Rxb3 43. h5 Rxd3 44. h6 Bc1 45. Rg7+ Kc8 46. h7 Bb2
47. h8=Q+ Kb7 48. Rxc7+ Kxc7 49. Qxb2 Rxd5 50. g5 Rc5 51. g6 Rc6 52. g7 Rb6 53.
Qc3+ Kd7 54. g8=Q Rb8 55. Qf7+ Kd8 56. Qcc7# 1-0

[Event "Women's Speed Chess Q5"]
[Site "chess.com INT"]
[Date "2020.06.22"]
[Round "5"]
[White "Martynkova, Olena"]
[Black "Cori T., Deysi"]
[Result "1/2-1/2"]
[WhiteTitle "WIM"]
[BlackTitle "WGM"]
[WhiteElo "2222"]
[BlackElo "2388"]
[WhiteFideId "14134039"]
[BlackFideId "3801934"]
[EventDate "2020.06.22"]

1. d4 Nf6 2. Nf3 e6 3. g3 b5 4. Bg2 Bb7 5. O-O c5 6. b3 Be7 7. Bb2 O-O 8. Nbd2
Na6 9. c4 bxc4 10. Nxc4 cxd4 11. Nxd4 Bxg2 12. Kxg2 Rc8 13. Rc1 Qc7 14. Kg1 Qb7
15. e3 h6 16. Qe2 Nb4 17. a3 Nc6 18. Nxc6 Qxc6 19. b4 Qb5 20. Qd3 d5 21. Ne5
Qxd3 22. Nxd3 Ne4 23. Rfd1 Nd6 24. Bd4 Nc4 25. a4 a6 26. Bc5 Rfe8 27. Bxe7 Rxe7
28. Nb2 Rb7 29. Nxc4 dxc4 30. Rb1 c3 31. Rdc1 Rc4 32. a5 Rcxb4 33. Rxb4 Rxb4 34.
Rxc3 Rb5 35. Ra3 e5 36. Kg2 e4 37. g4 h5 38. Kg3 hxg4 39. Kxg4 f5+ 40. Kf4 Kf7
41. h4 Kf6 42. h5 g5+ 43. hxg6 Kxg6 44. f3 exf3 45. Kxf3 Kf6 46. e4 Rb4 47. exf5
Kxf5 48. Ke3 Ke5 49. Kd3 Kd5 50. Kc3 Kc5 51. Ra1 Kb5 52. Ra2 Rc4+ 53. Kb3 Rh4
54. Ra1 Rh3+ 55. Kc2 Rf3 56. Kb2 Kb4 57. Kc2 Rg3 58. Kd2 Rg2+ 59. Kd3 Rb2 60.
Kd4 Rd2+ 61. Ke3 Rd5 62. Ke4 Rxa5 63. Rxa5 Kxa5 64. Kd3 Kb4 65. Kc2 Ka3 66. Kb1
Kb3 67. Ka1 a5 68. Kb1 a4 69. Ka1 Ka3 70. Kb1 Kb3 71. Ka1 a3 72. Kb1 Kc3 73. Ka1
Kb4 74. Ka2 Kb5 75. Kxa3 1/2-1/2

[Event "Women's Speed Chess Q5"]
[Site "chess.com INT"]
[Date "2020.06.22"]
[Round "5"]
[White "Kairbekova, Amina"]
[Black "Karnaukhova, Elmira"]
[Result "0-1"]
[WhiteTitle "WFM"]
[BlackTitle "WGM"]
[WhiteElo "2065"]
[BlackElo "2319"]
[WhiteFideId "13712799"]
[BlackFideId "4148827"]
[EventDate "2020.06.22"]

1. e4 c5 2. Nf3 d6 3. d4 cxd4 4. Nxd4 Nf6 5. Nc3 a6 6. Nb3 e5 7. Be2 Be7 8. Bg5
Be6 9. Bxf6 Bxf6 10. Nd5 Bg5 11. Qd3 O-O 12. Rd1 Nc6 13. O-O f5 14. f3 b5 15.
Kh1 Ne7 16. f4 exf4 17. Nxf4 Bxf4 18. Rxf4 Ng6 19. Rff1 Bc4 20. Qe3 Bxe2 21.
Qxe2 Qe7 22. Rde1 Rae8 23. Nd2 d5 24. e5 Qxe5 25. Qxe5 Rxe5 26. Rxe5 Nxe5 27.
Re1 Ng4 28. Kg1 Kf7 29. Nb3 Re8 30. Rxe8 Kxe8 31. Nc5 a5 32. Nb7 Ne3 33. c3 Nd1
34. Nxa5 Kd7 35. Nb3 Nxb2 36. Nd4 g6 37. Nxb5 Kc6 38. Nd4+ Kc5 39. Ne2 Kc4 40.
Kf2 Nd1+ 41. Kf3 Nxc3 42. Nxc3 Kxc3 43. a4 d4 44. a5 d3 45. a6 d2 46. Kf4 d1=Q
47. a7 Qa4+ 48. Kg5 Qxa7 49. h4 Qe3+ 50. Kf6 Qf4 51. g3 Qxg3 52. Kg7 Qxh4 53.
Kf7 f4 54. Ke6 f3 55. Kf7 f2 56. Kg7 f1=Q 57. Kg8 Qe7 58. Kh8 Qff8# 0-1

[Event "Women's Speed Chess Q5"]
[Site "chess.com INT"]
[Date "2020.06.22"]
[Round "5"]
[White "Batsiashvili, Nino"]
[Black "Divya, Deshmukh"]
[Result "1/2-1/2"]
[WhiteTitle "GM"]
[BlackTitle "WIM"]
[WhiteElo "2457"]
[BlackElo "2305"]
[WhiteFideId "13602993"]
[BlackFideId "35006916"]
[EventDate "2020.06.22"]

1. d4 Nf6 2. Nf3 e6 3. Bf4 b6 4. e3 Bb7 5. Nbd2 d6 6. a4 a5 7. Bd3 Nbd7 8. h3
Be7 9. O-O O-O 10. Bh2 Re8 11. Qe2 Bf8 12. Nc4 Ne4 13. Nfd2 Nxd2 14. Nxd2 e5 15.
dxe5 dxe5 16. Be4 Bxe4 17. Nxe4 Nc5 18. Nxc5 Bxc5 19. Rfd1 Qe7 20. Rd5 Bd6 21.
Rad1 h6 22. e4 Qh4 23. Bg3 Qg5 24. Qc4 h5 25. h4 Qg4 26. Kh2 Re6 27. f3 Qg6 28.
Qe2 Rae8 29. Bf2 f5 30. exf5 Qxf5 31. Qe4 Qxe4 32. fxe4 Rf6 33. Bg3 Kh7 34. Kg1
Rg6 35. Kh2 Rg4 36. Re1 Kg8 37. Kh3 g5 38. hxg5 Rxg5 39. Rf1 Rg4 40. Rf5 Re7 41.
Bxe5 Bxe5 42. Rdxe5 Rxe4 43. Rxe7 Rxe7 44. Rxh5 Re2 45. Rb5 Rxc2 46. b3 Kf7 47.
g3 Rc3 48. Kg4 Ke6 49. Kf4 Kd6 50. g4 Ke6 51. Re5+ Kf6 52. Rf5+ Ke6 53. Re5+ Kd6
54. Rb5 Ke6 55. Re5+ 1/2-1/2

[Event "Women's Speed Chess Q5"]
[Site "chess.com INT"]
[Date "2020.06.22"]
[Round "5"]
[White "Shvedova, Alexandra"]
[Black "Schut, Lisa"]
[Result "0-1"]
[WhiteTitle "WFM"]
[BlackTitle "WIM"]
[WhiteElo "1994"]
[BlackElo "2259"]
[WhiteFideId "54154782"]
[BlackFideId "1019481"]
[EventDate "2020.06.22"]

1. e4 c5 2. Nf3 d6 3. d4 cxd4 4. Nxd4 Nf6 5. Nc3 a6 6. Be3 e5 7. Nf3 Be7 8. Bc4
O-O 9. O-O Be6 10. Bb3 Nc6 11. Bg5 Rc8 12. Qe2 Nd7 13. Bxe7 Qxe7 14. Rfd1 Nc5
15. Qd2 Rfd8 16. Qg5 Qxg5 17. Nxg5 Bxb3 18. axb3 Nd4 19. Rac1 h6 20. Nf3 Nxf3+
21. gxf3 Ne6 22. Nd5 Kf8 23. c3 Rc6 24. Kf1 g6 25. Ke2 Nc5 26. b4 Ne6 27. Rd3 f5
28. Rcd1 Kf7 29. Ne3 Nf4+ 30. Ke1 Nxd3+ 31. Rxd3 Ke6 32. Nd5 Ra8 33. Ne3 a5 34.
b5 Rc5 35. c4 Rac8 36. b3 Rf8 37. Ke2 fxe4 38. fxe4 Rf4 39. f3 Rh4 40. Nd5 Rxh2+
41. Kf1 Rb2 42. Nb6 Rb1+ 43. Ke2 Rb2+ 44. Kf1 h5 45. Na4 Rb1+ 46. Kg2 Rc7 47.
Nb6 Rf7 48. Nc8 Rd7 49. Nb6 Rd8 50. Nd5 Ra1 51. Nc7+ Kd7 52. Nd5 Ra3 53. Nb6+
Ke6 54. Nd5 a4 55. Nc7+ Kf7 56. Nd5 Rxb3 57. Rxb3 axb3 58. Nc3 b2 59. Kf2 Rc8
60. Ke2 Rxc4 61. Kd3 Rxc3+ 0-1

[Event "Women's Speed Chess Q5"]
[Site "chess.com INT"]
[Date "2020.06.22"]
[Round "5"]
[White "Munkhzul, Davaakhuu"]
[Black "Krasteva, Beloslava"]
[Result "0-1"]
[WhiteTitle "WFM"]
[BlackTitle "FM"]
[WhiteElo "1991"]
[BlackElo "2246"]
[WhiteFideId "4902815"]
[BlackFideId "2922029"]
[EventDate "2020.06.22"]

1. e4 c5 2. Nf3 d6 3. d4 cxd4 4. Nxd4 Nf6 5. Nc3 a6 6. Nb3 e6 7. g4 b5 8. Bg2
Bb7 9. g5 Nfd7 10. Be3 Be7 11. f4 Nc6 12. Qe2 Rc8 13. O-O-O b4 14. Na4 Na5 15.
e5 Bxg2 16. Qxg2 d5 17. f5 Nc4 18. Bf4 Ndxe5 19. Rhe1 Bd6 20. fxe6 fxe6 21. Qg3
Qc7 22. Kb1 O-O 23. Nd4 Rxf4 24. Qxf4 Nd3 25. Qg4 Nxe1 26. Qxe6+ Kh8 27. Rxe1
Nd2+ 28. Ka1 Ne4 29. Qg4 Re8 30. h4 Be5 31. Qd1 Qd7 32. Nb6 Qd6 33. Nf5 Qxb6 34.
Qxd5 Qe6 35. Qxe6 Rxe6 36. Rxe4 Bxb2+ 37. Kxb2 Rxe4 38. Nd6 Rxh4 39. Kb3 Rg4 40.
Ka4 Kg8 41. Ka5 Rxg5+ 42. Kxa6 h5 43. Ne4 Rg4 44. Nf2 Rg6+ 45. Kb5 h4 46. Kxb4
Rf6 47. Nh3 Rf3 48. Ng5 Rg3 49. Ne6 Rg4+ 50. Kb5 h3 51. c4 h2 52. c5 h1=Q 53. c6
Qb1+ 54. Ka6 Qxa2+ 0-1

[Event "Women's Speed Chess Q5"]
[Site "chess.com INT"]
[Date "2020.06.22"]
[Round "5"]
[White "Goltseva, Ekaterina"]
[Black "Shafigullina, Zarina"]
[Result "1-0"]
[WhiteTitle "FM"]
[BlackTitle "WFM"]
[WhiteElo "2306"]
[BlackElo "2296"]
[WhiteFideId "24173770"]
[BlackFideId "24174220"]
[EventDate "2020.06.22"]

1. d4 Nf6 2. c4 e6 3. g3 d5 4. Bg2 Be7 5. Nf3 O-O 6. Nc3 dxc4 7. Ne5 Nbd7 8.
Nxc4 Nb6 9. Ne5 c5 10. dxc5 Bxc5 11. O-O a6 12. Qb3 Qc7 13. Nd3 Be7 14. Bf4 Bd6
15. Rac1 Bxf4 16. Nxf4 Qd8 17. Rfd1 Bd7 18. Bxb7 Rb8 19. Bg2 Nbd5 20. Qc2 Nxf4
21. gxf4 Qc7 22. e3 Rfc8 23. Qd2 Qb6 24. b3 h6 25. Ne4 Nd5 26. Nc3 Nf6 27. Ne4
Nd5 28. Rxc8+ Rxc8 29. Rc1 Rxc1+ 30. Qxc1 Bc6 31. h3 Bb7 32. Qc4 Nb4 33. a3 Nd5
34. b4 Ne7 35. Qd3 Nd5 36. Nc5 Bc6 37. Qd4 Ba8 38. Kh2 Bc6 39. Nxe6 fxe6 40.
Bxd5 Qxd4 41. Bxe6+ Kf8 42. exd4 Ke7 43. f5 Kd6 44. Kg3 Be4 45. Kf4 Bd3 46. Bf7
Bb5 47. Bb3 Bd3 48. a4 Be2 49. Be6 Bf1 50. Bb3 Bxh3 51. Ke4 Bf1 52. Bc2 Bc4 53.
f4 1-0

[Event "Women's Speed Chess Q5"]
[Site "chess.com INT"]
[Date "2020.06.22"]
[Round "5"]
[White "Muminova, Nafisa"]
[Black "Buksa, Nataliya"]
[Result "1/2-1/2"]
[WhiteTitle "WGM"]
[BlackTitle "IM"]
[WhiteElo "2274"]
[BlackElo "2410"]
[WhiteFideId "14201526"]
[BlackFideId "14123622"]
[EventDate "2020.06.22"]

1. d4 d5 2. Nc3 e6 3. Bf4 a6 4. e3 Nf6 5. Nf3 Bd6 6. Ne5 c5 7. dxc5 Bxc5 8. Bd3
Nbd7 9. O-O Nxe5 10. Bxe5 Bd6 11. Bxd6 Qxd6 12. e4 dxe4 13. Nxe4 Nxe4 14. Bxe4
Qxd1 15. Raxd1 f5 16. Bf3 Rb8 17. Rd6 Ke7 18. Rfd1 e5 19. Rb6 e4 20. Be2 Bd7 21.
h3 Bc6 22. Bxa6 bxa6 23. Rxc6 Rxb2 24. a4 Ra2 25. Rd4 g6 26. Rdc4 Rd8 27. Rxa6
Rd1+ 28. Kh2 Rd2 29. Kg3 Rdxc2 30. Rxc2 Rxc2 31. a5 g5 32. h4 f4+ 33. Kg4 Rxf2
34. hxg5 e3 35. Kf5 Kd7 36. Re6 f3 37. gxf3 Rxf3+ 38. Kg4 Rf2 39. Rxe3 Rg2+ 40.
Kf5 Rf2+ 41. Kg4 Rg2+ 42. Kf4 Rf2+ 43. Rf3 Ra2 44. Rd3+ Ke6 45. Re3+ Kd6 46. Re5
Ra4+ 47. Kf5 Ra1 48. Rb5 Kc6 49. Re5 Kd6 50. Kf6 Rf1+ 51. Rf5 Rc1 52. Kg7 Rc7+
53. Rf7 Rc5 54. a6 Rxg5+ 55. Kh6 Ra5 56. a7 Kc6 57. Kxh7 Kb6 58. Kg6 Rxa7 59.
Rf6+ Kb7 60. Rf7+ Ka6 61. Rf6+ Kb7 62. Rf7+ Ka6 63. Rxa7+ Kxa7 1/2-1/2

[Event "Women's Speed Chess Q5"]
[Site "chess.com INT"]
[Date "2020.06.22"]
[Round "5"]
[White "Shukhman, Anna"]
[Black "Socko, Monika"]
[Result "1/2-1/2"]
[WhiteTitle "WCM"]
[BlackTitle "GM"]
[WhiteElo "1866"]
[BlackElo "2428"]
[WhiteFideId "54180058"]
[BlackFideId "1106619"]
[EventDate "2020.06.22"]

1. e4 e6 2. Qe2 c5 3. Nf3 Nc6 4. d3 g6 5. g3 Bg7 6. Bg2 Nge7 7. O-O O-O 8. c3 d6
9. Nbd2 e5 10. Nc4 b5 11. Ne3 h6 12. a4 b4 13. Nd2 Be6 14. Nd5 Qd7 15. cxb4 Nxb4
16. Nxb4 cxb4 17. Nc4 Nc6 18. Be3 Nd4 19. Qd1 Rac8 20. Rc1 f5 21. Qe1 f4 22.
Bxd4 exd4 23. Qxb4 f3 24. Bh1 Bxc4 25. Rxc4 Rb8 26. Qa3 h5 27. Rfc1 h4 28. Rc7
Qe6 29. Rxa7 hxg3 30. hxg3 Be5 31. a5 Qg4 32. Qa2+ Kh8 33. Rcc7 Qh5 34. Rh7+
Qxh7 35. Rxh7+ Kxh7 36. a6 Rbc8 37. a7 Rc1+ 38. Kh2 Rc2 39. a8=Q Rxf2+ 40. Kg1
Rxa8 41. Qxa8 Bxg3 42. Qb7+ Kh6 43. Bxf3 Rxf3 44. Qd7 Rxd3 45. Kg2 Be5 46. Qe6
Rd2+ 47. Kf3 Rxb2 48. Qg8 d3 49. Qe6 d2 50. Qh3+ Kg7 51. Qd7+ Kh6 52. Qh3+ Kg5
53. Qg4+ Kf6 54. Qh4+ Kg7 55. Qe7+ Kh6 56. Qh4+ Kg7 57. Qe7+ Kh6 58. Qh4+ Kg7 1/2-1/2